000 01159cam a2200313 a 4500
001 2967
005 20240126113908.0
020 _a9780439801980
040 _aLPU
_cLPU
_dTEF
_dDLC
_beng
050 0 0 _aPZ7.W65535
_b 2004
082 0 0 _a813.6
100 1 _aWillems, Mo
245 1 0 _aKnuffle Bunny :
_ba cautionary tale /
_cby Mo Willems.
250 _aFirst Scholastic printing, September 2005
260 _aNew York :
_bScholastic ,
_c2004
300 _a23 unnumbered pages :
_bcolor illustrations ;
_c24 cm.
490 _aKnuffle Bunny
500 _aSequel: Knuffle Bunny, a case of mistaken identity.
505 _aJ
520 _aA trip to the laundromat leads to a momentous occasion when Trixie, too young to speak words, realizes that something important is missing and struggles to explain the problem to her father.
521 1 _a460
_bLexile
521 1 _aJ
_bRaz-Plus
650 1 _aLost and found possessions
_vFiction.
650 1 _aToys
_vFiction.
650 1 _aFathers and daughters
_vFiction.
650 1 _aSelf-service laundries
_vFiction.
906 _a7
_bcbc
_ccopycat
_d2
_encip
_f20
_gy-gencatlg
942 _2ddc
_cBK
_n0
999 _c2967
_d2967